[Event "FRM-ch U16"]
[Site "Struga"]
[Date "2018.06.12"]
[Round "4"]
[White "Petrovic, Lazar1"]
[Black "Andonov, Kiril"]
[Result "1-0"]
[WhiteElo "1647"]
[BlackElo "1313"]
[PlyCount "113"]
[EventDate "2018.06.09"]
[EventType "swiss"]
[EventRounds "5"]
[EventCountry "MKD"]
[SourceTitle "CBM 185 Extra"]
[Source "ChessBase"]
[SourceDate "2018.07.29"]
[SourceVersion "1"]
[SourceVersionDate "2018.07.29"]
[SourceQuality "1"]

1. d4 Nf6 2. Nf3 d5 3. Bf4 Bg4 4. e3 Nbd7 5. Be2 c6 6. Nbd2 g6 7. 0-0 Bg7 8. h3 Bf5 9. g4 Be4 10. Ne1 h6 11. f3 g5 12. fxe4 gxf4 13. e5 Nh7 14. exf4 Qb6 15. Nb3 a5 16. a4 f6 17. e6 Nb8 18. Bd3 Nf8 19. Bf5 Rg8 20. Qd3 Bh8 21. Nc5 Na6 22. Nxa6 Qxa6 23. Qb3 Rb8 24. Qg3 Qb6 25. Nf3 Qc7 26. Nd2 b5 27. Qh4 Kd8 28. axb5 Qb6 29. Nb3 cxb5 30. Nc5 Rc8 31. Qf2 Kc7 32. b4 a4 33. Qh4 Kb8 34. Qxh6 Rxc5 35. dxc5 Qc6 36. Rfe1 d4 37. Qh4 Qf3 38. Rf1 Qe3+ 39. Kh2 Qd2+ 40. Qf2 Qxb4 41. Rfd1 Qxc5 42. Qxd4 Qc7 43. Qd8+ Qxd8 44. Rxd8+ Kc7 45. Rad1 Bg7 46. Re8 Bh6 47. Kg2 Bxf4 48. Rd7+ Kb6 49. Rdxe7 a3 50. Rf7 a2 51. Ra8 Nxe6 52. Rxa2 Be5 53. Bxe6 Rd8 54. Rd7 Rc8 55. Rd6+ Rc6 56. Rxc6+ Kxc6 57. h4 1-0

[Event "FRM-ch U16"]
[Site "Struga"]
[Date "2018.06.10"]
[Round "2"]
[White "Velkovski, Kristijan"]
[Black "Andonov, Kiril"]
[Result "1-0"]
[WhiteElo "1880"]
[BlackElo "1313"]
[PlyCount "165"]
[EventDate "2018.06.09"]
[EventType "swiss"]
[EventRounds "5"]
[EventCountry "MKD"]
[SourceTitle "CBM 185 Extra"]
[Source "ChessBase"]
[SourceDate "2018.07.29"]
[SourceVersion "1"]
[SourceVersionDate "2018.07.29"]
[SourceQuality "1"]

1. e4 c5 2. Nf3 g6 3. d4 cxd4 4. Qxd4 Nf6 5. Nc3 Nc6 6. Qd1 Bg7 7. Bc4 0-0 8. 0-0 a6 9. a4 d6 10. h3 Qb6 11. Qd3 Nd7 12. Nd5 Qd8 13. c3 Nde5 14. Nxe5 Nxe5 15. Qe2 Nxc4 16. Qxc4 Be6 17. Be3 f5 18. a5 Rc8 19. Qb4 Bxd5 20. exd5 f4 21. Bxf4 Rc5 22. Be3 Rb5 23. Qa3 Rf5 24. Rfd1 Kh8 25. Qa2 Qg8 26. Kf1 Rfxd5 27. Rxd5 Qxd5 28. Qxd5 Rxd5 29. Ke2 Rb5 30. Ra2 Kg8 31. Kd3 d5 32. b4 e5 33. Bc5 e4+ 34. Kd2 Kf7 35. f3 exf3 36. gxf3 Ke6 37. Kd3 Kf5 38. Re2 Be5 39. Rf2 g5 40. Kc2 Ke6 41. Rf1 Bd6 42. Re1+ Kd7 43. Bd4 Be7 44. Re5 h6 45. Rf5 Ke6 46. Re5+ Kd7 47. Re1 Bd8 48. Rd1 Ke6 49. Re1+ Kf5 50. Re8 Bc7 51. Rf8+ Kg6 52. Rf6+ Kh5 53. Re6 Kh4 54. Rxh6+ Kg3 55. Rg6 Bf4 56. Kd3 Kxf3 57. Rg8 Kg3 58. Rh8 Bd6 59. Ke3 Bxb4 60. cxb4 Rxb4 61. Be5+ Kg2 62. Bf6 Rb3+ 63. Kd4 Ra3 64. Bd8 Kg3 65. Kxd5 Rb3 66. Kc4 Rb5 67. Rh5 Kf4 68. Rxg5 Rb1 69. Rg4+ Kf5 70. Rg3 Rh1 71. h4 Kf4 72. Rb3 Rc1+ 73. Kb4 Rc8 74. Bg5+ Kg4 75. Rc3 Re8 76. Rc7 Re1 77. Rc4+ Kh5 78. Bf6 Rb1+ 79. Ka3 b5 80. Rc6 Rf1 81. Rxa6 Rf4 82. Rb6 Ra4+ 83. Kb3 1-0